[Event "Heraklion Tal Memorial 1st"]
[Site "Heraklion"]
[Date "2019.04.29"]
[Round "1"]
[White "Milonakis, Georgios"]
[Black "Megalios, Konstantinos"]
[Result "0-1"]
[WhiteElo "2285"]
[BlackElo "2411"]
[PlyCount "100"]
[EventDate "2019.04.29"]
[EventType "tourn"]
[EventRounds "9"]
[EventCountry "GRE"]
[EventCategory "1"]
[SourceTitle "CBM 190 Extra"]
[Source "ChessBase"]
[SourceDate "2019.07.15"]
[SourceVersion "1"]
[SourceVersionDate "2019.07.15"]
[SourceQuality "1"]

1. Nf3 d5 2. g3 c6 3. Bg2 Bg4 4. c4 e6 5. cxd5 exd5 6. 0-0 Nf6 7. d3 Bc5 8. Nc3 0-0 9. Qb3 Bb6 10. Na4 Re8 11. Nxb6 axb6 12. Re1 Nbd7 13. h3 Nc5 14. Qc3 Bh5 15. Bg5 Ne6 16. Bxf6 Qxf6 17. Qxf6 gxf6 18. g4 Bg6 19. d4 Ra4 20. e3 Rea8 21. a3 b5 22. Rad1 b4 23. axb4 Rxb4 24. Rd2 Ra2 25. Ree2 Nc7 26. Nh4 Nb5 27. Nxg6 hxg6 28. Rc2 Nd6 29. h4 f5 30. gxf5 Nxf5 31. h5 g5 32. Red2 Kg7 33. Rc5 Rbxb2 34. Rxb2 Rxb2 35. e4 Nxd4 36. exd5 Ne2+ 37. Kh2 cxd5 38. Rxd5 Nf4 39. Rxg5+ Kf6 40. Rg4 Rxf2 41. Kh1 Nxg2 42. h6 Ne3 43. Rg3 Nf5 44. Rh3 Ne7 45. h7 Ng6 46. h8Q+ Nxh8 47. Rxh8 b5 48. Kg1 Rb2 49. Kf1 Ke5 50. Ke1 f5 0-1

[Event "Anogia Capablanca Mem-B 5th"]
[Site "Anogia"]
[Date "2018.09.17"]
[Round "7"]
[White "Milonakis, Georgios"]
[Black "Prraneeth, Vuppala"]
[Result "1-0"]
[WhiteElo "2273"]
[BlackElo "2281"]
[PlyCount "115"]
[EventDate "2018.09.11"]
[EventType "tourn"]
[EventRounds "9"]
[EventCountry "GRE"]
[SourceTitle "CBM 186 Extra"]
[Source "ChessBase"]
[SourceDate "2018.08.24"]
[SourceVersion "1"]
[SourceVersionDate "2018.08.24"]
[SourceQuality "1"]

1. Nf3 d5 2. g3 c6 3. Bg2 Bg4 4. c4 e6 5. cxd5 exd5 6. d3 Nf6 7. 0-0 Nbd7 8. Nc3 Bd6 9. Qb3 0-0 10. e4 Nc5 11. Qc2 Ne6 12. Re1 Re8 13. h3 Bh5 14. exd5 cxd5 15. Qd2 Rc8 16. Kh2 Bb4 17. a3 Bd6 18. b4 a5 19. Nb5 Bb8 20. Bb2 h6 21. Rac1 Bxf3 22. Bxf3 Ng5 23. Bg2 Nh5 24. Rxe8+ Qxe8 25. Rxc8 Qxc8 26. Qe2 g6 27. Qe7 axb4 28. axb4 Ne6 29. Nd6 Bxd6 30. Qxd6 Nhg7 31. Qxd5 Qc2 32. Bxg7 Kxg7 33. Qe5+ Kg8 34. Qe3 b5 35. Bd5 Nc7 36. Be4 Qb2 37. Qb6 Ne6 38. Kg2 Qxb4 39. Bxg6 fxg6 40. Qxe6+ Kg7 41. Qe5+ Kf7 42. d4 Qc4 43. d5 b4 44. d6 Qc6+ 45. Kh2 Qd7 46. Qf4+ Qf5 47. Qc4+ Kg7 48. Kg2 b3 49. Qxb3 Qe4+ 50. Qf3 Qd4 51. Qb7+ Kf6 52. Qe7+ Kf5 53. Qf7+ Kg5 54. h4+ Kh5 55. Qf3+ Qg4 56. Qxg4+ Kxg4 57. f3+ Kh5 58. d7 1-0

[Event "Anogia Capablanca Mem-B 5th"]
[Site "Anogia"]
[Date "2018.09.16"]
[Round "6"]
[White "Avramidou, Anastasia"]
[Black "Milonakis, Georgios"]
[Result "1-0"]
[WhiteElo "2260"]
[BlackElo "2273"]
[PlyCount "67"]
[EventDate "2018.09.11"]
[EventType "tourn"]
[EventRounds "9"]
[EventCountry "GRE"]
[SourceTitle "CBM 186 Extra"]
[Source "ChessBase"]
[SourceDate "2018.08.24"]
[SourceVersion "1"]
[SourceVersionDate "2018.08.24"]
[SourceQuality "1"]

1. c4 Nf6 2. Nc3 e6 3. d4 d5 4. cxd5 exd5 5. Bf4 c6 6. e3 Bf5 7. Nf3 Qb6 8. Qc1 Be7 9. Be2 Nbd7 10. h3 0-0 11. 0-0 Ne4 12. Nxe4 Bxe4 13. Ne5 Nxe5 14. Bxe5 a5 15. a3 Rfe8 16. Qd2 Bf8 17. Rac1 a4 18. Kh1 c5 19. dxc5 Bxc5 20. Bd4 Bxd4 21. exd4 Rac8 22. Rfe1 Qb3 23. Kg1 h6 24. Bf1 Qb6 25. Rc3 Rxc3 26. Qxc3 Re6 27. Qb4 Qxb4 28. axb4 Rc6 29. f3 Bf5 30. Ra1 Rc2 31. Rxa4 Rxb2 32. b5 Rb1 33. Kf2 Bd7 34. Ra8+ 1-0

[Event "Anogia Capablanca Mem-B 5th"]
[Site "Anogia"]
[Date "2018.09.15"]
[Round "5"]
[White "Lekic, Dusan"]
[Black "Milonakis, Georgios"]
[Result "1/2-1/2"]
[WhiteElo "2363"]
[BlackElo "2273"]
[PlyCount "21"]
[EventDate "2018.09.11"]
[EventType "tourn"]
[EventRounds "9"]
[EventCountry "GRE"]
[SourceTitle "CBM 186 Extra"]
[Source "ChessBase"]
[SourceDate "2018.08.24"]
[SourceVersion "1"]
[SourceVersionDate "2018.08.24"]
[SourceQuality "1"]

1. d4 Nf6 2. c4 e6 3. Nc3 d5 4. cxd5 exd5 5. Bg5 Be7 6. e3 c6 7. Qc2 h6 8. Bh4 0-0 9. Nf3 Nbd7 10. Bd3 Re8 11. g4 1/2-1/2

[Event "Anogia Capablanca Mem-B 5th"]
[Site "Anogia"]
[Date "2018.09.14"]
[Round "4"]
[White "Milonakis, Georgios"]
[Black "Kelesiadis, Georgios"]
[Result "1-0"]
[WhiteElo "2273"]
[BlackElo "2105"]
[PlyCount "75"]
[EventDate "2018.09.11"]
[EventType "tourn"]
[EventRounds "9"]
[EventCountry "GRE"]
[SourceTitle "CBM 186 Extra"]
[Source "ChessBase"]
[SourceDate "2018.08.24"]
[SourceVersion "1"]
[SourceVersionDate "2018.08.24"]
[SourceQuality "1"]

1. Nf3 d5 2. g3 Nc6 3. Bg2 e5 4. d3 f6 5. 0-0 Be6 6. e4 Nge7 7. exd5 Nxd5 8. d4 exd4 9. Re1 Kf7 10. Nxd4 Nxd4 11. Qxd4 c6 12. Nc3 Nxc3 13. Qxc3 Qd7 14. Bf4 Rd8 15. Qa5 b6 16. Qa4 Bc5 17. Bxc6 Qe7 18. c3 g5 19. Be3 a5 20. Qe4 f5 21. Bxc5 fxe4 22. Bxe7 Kxe7 23. Bxe4 Kf6 24. Red1 Rxd1+ 25. Rxd1 Bxa2 26. f3 Ke5 27. Rd7 h5 28. Re7+ Be6 29. Rb7 Rd8 30. Rxb6 Bh3 31. Rb5+ Kf6 32. Rd5 Rb8 33. Rd2 a4 34. Kf2 a3 35. bxa3 Rb3 36. Rd6+ Ke7 37. Rh6 Rxa3 38. Rxh5 1-0

[Event "Anogia Capablanca Mem-B 5th"]
[Site "Anogia"]
[Date "2018.09.11"]
[Round "1"]
[White "Frendzas, Panayotis"]
[Black "Milonakis, Georgios"]
[Result "1/2-1/2"]
[WhiteElo "2307"]
[BlackElo "2273"]
[PlyCount "43"]
[EventDate "2018.09.11"]
[EventType "tourn"]
[EventRounds "9"]
[EventCountry "GRE"]
[SourceTitle "CBM 186 Extra"]
[Source "ChessBase"]
[SourceDate "2018.08.24"]
[SourceVersion "1"]
[SourceVersionDate "2018.08.24"]
[SourceQuality "1"]

1. Nf3 Nf6 2. c4 e6 3. g3 d5 4. Bg2 Be7 5. d4 0-0 6. 0-0 dxc4 7. Qc2 a6 8. a4 Bd7 9. Qxc4 Bc6 10. Bg5 a5 11. Nc3 Na6 12. Rfd1 Bd5 13. Nxd5 exd5 14. Qb3 Nb4 15. Ne5 c6 16. Nd3 Nd7 17. Bxe7 Qxe7 18. Nxb4 axb4 19. Qd3 Rfe8 20. e3 h5 21. h4 Nf6 22. b3 1/2-1/2

[Event "GRE-chT 46th"]
[Site "Rio Achaia"]
[Date "2018.07.15"]
[Round "7.5"]
[White "Sandalakis, Nikolaos"]
[Black "Milonakis, Georgios"]
[Result "1/2-1/2"]
[WhiteElo "2209"]
[BlackElo "2200"]
[PlyCount "60"]
[EventDate "2018.07.10"]
[EventType "team"]
[EventRounds "7"]
[EventCountry "GRE"]
[SourceTitle "CBM 185 Extra"]
[Source "ChessBase"]
[SourceDate "2018.07.29"]
[SourceVersion "1"]
[SourceVersionDate "2018.07.29"]
[SourceQuality "1"]
[WhiteTeam "Nepolis"]
[BlackTeam "Chania OA"]
[WhiteTeamCountry "GRE"]
[BlackTeamCountry "GRE"]

1. e4 e5 2. Nf3 Nc6 3. Nc3 Nf6 4. Be2 d5 5. exd5 Nxd5 6. Bb5 Nxc3 7. bxc3 Bd6 8. 0-0 0-0 9. d4 exd4 10. cxd4 Bg4 11. c3 Qf6 12. Bd3 Rfe8 13. Rb1 Rab8 14. h3 Bxf3 15. Qxf3 Qxf3 16. gxf3 Ne7 17. c4 b6 18. Be3 Ng6 19. c5 Be7 20. Rfc1 Bf6 21. cxb6 cxb6 22. Rc7 Re7 23. Rbc1 Rd8 24. Bxg6 hxg6 25. Rxe7 Bxe7 26. Rc7 Bf6 27. Rxa7 Bxd4 28. Bxd4 Rxd4 29. a4 g5 30. Kg2 f6 1/2-1/2

[Event "GRE-chT 46th"]
[Site "Rio Achaia"]
[Date "2018.07.12"]
[Round "4.2"]
[White "Pavlidis, Antonios"]
[Black "Milonakis, Georgios"]
[Result "1-0"]
[WhiteElo "2564"]
[BlackElo "2200"]
[PlyCount "91"]
[EventDate "2018.07.10"]
[EventType "team"]
[EventRounds "7"]
[EventCountry "GRE"]
[SourceTitle "CBM 185 Extra"]
[Source "ChessBase"]
[SourceDate "2018.07.29"]
[SourceVersion "1"]
[SourceVersionDate "2018.07.29"]
[SourceQuality "1"]
[WhiteTeam "Kavalas"]
[BlackTeam "Chania OA"]
[WhiteTeamCountry "GRE"]
[BlackTeamCountry "GRE"]

1. e4 e5 2. Nc3 Nf6 3. d4 exd4 4. Qxd4 Nc6 5. Qd3 d6 6. Be2 Be6 7. Nf3 h6 8. Bf4 g5 9. Bg3 Bg7 10. a3 Nd7 11. Qe3 a6 12. Rd1 0-0 13. h4 g4 14. Nh2 Nce5 15. Nd5 Bxd5 16. Rxd5 Nf6 17. Rd1 Qe7 18. 0-0 Rfe8 19. Rfe1 Qe6 20. b3 Rad8 21. c4 Ng6 22. h5 Ne5 23. Bh4 Kh7 24. Nf1 Nxh5 25. Bxd8 Rxd8 26. f4 gxf3 27. Bxf3 Ng4 28. Bxg4 Qxg4 29. Nh2 Qg6 30. Qf3 Be5 31. Ng4 Rg8 32. Nxe5 dxe5 33. Qf5 Nf4 34. Rd2 Ne6 35. Rd7 Rg7 36. Qxg6+ Kxg6 37. Re3 f6 38. Red3 Rxd7 39. Rxd7 f5 40. exf5+ Kxf5 41. b4 b6 42. Kf2 h5 43. Rh7 Kg6 44. Rh8 a5 45. bxa5 bxa5 46. Ra8 1-0

[Event "GRE-chT 46th"]
[Site "Rio Achaia"]
[Date "2018.07.11"]
[Round "2.7"]
[White "Milonakis, Georgios"]
[Black "Hristodoulou, Panagiotis"]
[Result "1-0"]
[WhiteElo "2200"]
[BlackElo "2329"]
[PlyCount "155"]
[EventDate "2018.07.10"]
[EventType "team"]
[EventRounds "7"]
[EventCountry "GRE"]
[SourceTitle "CBM 185 Extra"]
[Source "ChessBase"]
[SourceDate "2018.07.29"]
[SourceVersion "1"]
[SourceVersionDate "2018.07.29"]
[SourceQuality "1"]
[WhiteTeam "Chania OA"]
[BlackTeam "OFI"]
[WhiteTeamCountry "GRE"]
[BlackTeamCountry "GRE"]

1. Nf3 d5 2. g3 c6 3. Bg2 Bg4 4. c4 e6 5. cxd5 Bxf3 6. Bxf3 cxd5 7. d3 Nf6 8. Nc3 Nc6 9. 0-0 Be7 10. Qa4 0-0 11. Bf4 Qd7 12. Bg2 a6 13. Rac1 b5 14. Qd1 Rac8 15. h3 Rfd8 16. g4 e5 17. Bg5 Qe6 18. e3 Ne8 19. Bxe7 Nxe7 20. d4 e4 21. f3 f5 22. fxe4 fxe4 23. Ne2 Rxc1 24. Qxc1 Rc8 25. Qd2 Ng6 26. Rc1 Nd6 27. Rxc8+ Qxc8 28. Qc3 Qc4 29. Bf1 b4 30. Qe1 Qd3 31. Nf4 Qc2 32. Nxg6 hxg6 33. Qxb4 Nf7 34. Qe7 Qc6 35. b4 Nd6 36. Qe6+ Kh7 37. a4 Qc7 38. Qxd5 Nf7 39. Qxe4 Qg3+ 40. Qg2 Qxe3+ 41. Qf2 Qe7 42. Bxa6 Qxb4 43. Qxf7 Qxd4+ 44. Qf2 Qxa4 45. Be2 Qb3 46. Kg2 Qd5+ 47. Bf3 Qe5 48. Qc2 Kh6 49. Qe4 Qb2+ 50. Be2 g5 51. Qe3 Kh7 52. Kg1 Qf6 53. Qe4+ g6 54. Bd3 Kh6 55. Kg2 Qb2+ 56. Bc2 Qf6 57. Qc4 Qb6 58. Be4 Qb2+ 59. Kf1 Qa1+ 60. Ke2 Qb2+ 61. Bc2 Qe5+ 62. Qe4 Qh2+ 63. Ke3 Qg3+ 64. Kd4 Qd6+ 65. Qd5 Qb4+ 66. Qc4 Qb2+ 67. Qc3 Qb6+ 68. Qc5 Qf6+ 69. Qe5 Qb6+ 70. Kd3 Qa6+ 71. Kd2 Qc8 72. Qd6 Qd7 73. Qd3 Qc6 74. Qxg6+ Qxg6 75. Bxg6 Kxg6 76. Kd3 Kf7 77. Kd4 Ke6 78. Ke4 1-0

[Event "Anogia Capablanca 2nd"]
[Site "Anogia"]
[Date "2017.09.19"]
[Round "9"]
[White "David, Alberto"]
[Black "Milonakis, Georgios"]
[Result "1-0"]
[WhiteElo "2576"]
[BlackElo "2191"]
[PlyCount "69"]
[EventDate "2017.09.11"]
[EventType "tourn"]
[EventRounds "9"]
[EventCountry "GRE"]
[SourceTitle "CBM 180 Extra"]
[Source "ChessBase"]
[SourceDate "2017.10.06"]
[SourceVersion "1"]
[SourceVersionDate "2017.10.06"]
[SourceQuality "1"]

1. Nf3 Nf6 2. c4 g6 3. Nc3 Bg7 4. e4 d6 5. d4 0-0 6. Be2 e5 7. Be3 Ng4 8. Bg5 f6 9. Bh4 Nc6 10. d5 Ne7 11. Nd2 Nh6 12. f3 c5 13. dxc6 bxc6 14. b4 Be6 15. Rb1 d5 16. Na4 d4 17. Nc5 Bc8 18. Qa4 Qc7 19. Ndb3 Nf7 20. 0-0 Nd6 21. f4 Rb8 22. fxe5 fxe5 23. Na5 Rxf1+ 24. Rxf1 Rb6 25. a3 h6 26. Qd1 g5 27. Be1 Ng6 28. Bg4 Bxg4 29. Qxg4 Qe7 30. Nd7 Ra6 31. Nb8 Rxa5 32. Nxc6 Qc7 33. Nxa5 Nf4 34. Qf3 Nxc4 35. Qb3 1-0

[Event "Anogia Capablanca 2nd"]
[Site "Anogia"]
[Date "2017.09.13"]
[Round "3"]
[White "Milonakis, Georgios"]
[Black "Taylor, Adam C"]
[Result "1/2-1/2"]
[WhiteElo "2191"]
[BlackElo "2247"]
[PlyCount "80"]
[EventDate "2017.09.11"]
[EventType "tourn"]
[EventRounds "9"]
[EventCountry "GRE"]
[SourceTitle "CBM 180 Extra"]
[Source "ChessBase"]
[SourceDate "2017.10.06"]
[SourceVersion "1"]
[SourceVersionDate "2017.10.06"]
[SourceQuality "1"]

1. e4 c5 2. Nc3 a6 3. g3 b5 4. Bg2 Bb7 5. d3 e6 6. Nf3 Be7 7. 0-0 d6 8. e5 dxe5 9. Nxe5 Bxg2 10. Kxg2 Nf6 11. Qf3 Ra7 12. a4 b4 13. Ne4 0-0 14. Nd2 Bd6 15. Ndc4 Bxe5 16. Nxe5 Qd5 17. Qxd5 exd5 18. Bg5 Nfd7 19. Nxd7 Rxd7 20. Rfe1 f6 21. Be3 Rc8 22. Bxc5 Rxc5 23. Re8+ Kf7 24. Rxb8 a5 25. Rb5 Rxc2 26. Rxa5 Rxb2 27. Rb5 Re7 28. Rxd5 Ree2 29. Rf5 g6 30. Rf4 g5 31. Rf5 h5 32. h3 Kg6 33. g4 b3 34. a5 Rbd2 35. a6 b2 36. Rb1 Rxd3 37. a7 Ra3 38. Rb5 Rxa7 39. R1xb2 Re4 40. R2b4 Rxb4 1/2-1/2

[Event "Anogia Capablanca 2nd"]
[Site "Anogia"]
[Date "2017.09.12"]
[Round "2"]
[White "Levin, Evgeny A"]
[Black "Milonakis, Georgios"]
[Result "1-0"]
[WhiteElo "2532"]
[BlackElo "2191"]
[PlyCount "73"]
[EventDate "2017.09.11"]
[EventType "tourn"]
[EventRounds "9"]
[EventCountry "GRE"]
[SourceTitle "CBM 180 Extra"]
[Source "ChessBase"]
[SourceDate "2017.10.06"]
[SourceVersion "1"]
[SourceVersionDate "2017.10.06"]
[SourceQuality "1"]

1. Nf3 Nf6 2. c4 g6 3. Nc3 Bg7 4. e4 d6 5. d4 0-0 6. Be2 e5 7. Be3 Nbd7 8. 0-0 Ng4 9. Bg5 f6 10. Bh4 Nh6 11. h3 Nf7 12. Qc2 c6 13. Rad1 Qe7 14. b4 Re8 15. b5 Nf8 16. bxc6 bxc6 17. c5 dxc5 18. dxe5 g5 19. exf6 Qxf6 20. e5 Rxe5 21. Bg3 Rxe2 22. Nxe2 Ba6 23. Rfe1 Ne6 24. Qe4 Rc8 25. Rd7 Nf4 26. Nxf4 gxf4 27. Qxf4 Qxf4 28. Bxf4 Bc4 29. Rxa7 Bd5 30. a4 c4 31. a5 c3 32. Rb7 c2 33. Rc1 Nd8 34. a6 c5 35. Rc7 Rxc7 36. Bxc7 Be4 37. Bxd8 1-0

[Event "Heraklion Gazi op 13th"]
[Site "Heraklion"]
[Date "2017.08.05"]
[Round "9"]
[White "Tolias, Fotis"]
[Black "Milonakis, Georgios"]
[Result "0-1"]
[WhiteElo "1884"]
[BlackElo "2193"]
[PlyCount "60"]
[EventDate "2017.07.28"]
[EventType "swiss"]
[EventRounds "9"]
[EventCountry "GRE"]
[SourceTitle "CBM 179 Extra"]
[Source "ChessBase"]
[SourceDate "2017.08.23"]
[SourceVersion "1"]
[SourceVersionDate "2017.08.23"]
[SourceQuality "1"]

1. e4 e5 2. Nf3 Nc6 3. d4 exd4 4. Nxd4 Nf6 5. Nc3 Bb4 6. Nxc6 bxc6 7. Bd3 0-0 8. 0-0 d5 9. exd5 cxd5 10. Bg5 c6 11. Qf3 h6 12. Bxf6 Qxf6 13. Qxf6 gxf6 14. Ne2 Re8 15. Nd4 Bd7 16. Nf5 Re5 17. g4 h5 18. f4 Ree8 19. gxh5 Rab8 20. Kg2 c5 21. c3 Ba5 22. Rab1 c4 23. Bc2 Re2+ 24. Rf2 Rxc2 25. Ne7+ Kf8 26. Rxc2 Kxe7 27. Re1+ Kd6 28. Rd2 Bf5 29. Rde2 Rg8+ 30. Kf2 Bb6+ 0-1

[Event "Heraklion Gazi op 13th"]
[Site "Heraklion"]
[Date "2017.08.03"]
[Round "7"]
[White "Pelantakis, Mihail"]
[Black "Milonakis, Georgios"]
[Result "1-0"]
[WhiteElo "1799"]
[BlackElo "2193"]
[PlyCount "79"]
[EventDate "2017.07.28"]
[EventType "swiss"]
[EventRounds "9"]
[EventCountry "GRE"]
[SourceTitle "CBM 179 Extra"]
[Source "ChessBase"]
[SourceDate "2017.08.23"]
[SourceVersion "1"]
[SourceVersionDate "2017.08.23"]
[SourceQuality "1"]

1. d4 d6 2. c4 f5 3. Nf3 Nf6 4. g3 g6 5. Bg2 Bg7 6. 0-0 0-0 7. Nc3 c6 8. Re1 Na6 9. Rb1 Ne4 10. Nxe4 fxe4 11. Ng5 d5 12. cxd5 cxd5 13. Nh3 Qb6 14. Be3 Be6 15. Nf4 Bf7 16. Qd2 Rfd8 17. Nh3 Nc7 18. Ng5 Be8 19. f3 e5 20. dxe5 h6 21. Bxb6 axb6 22. Nh3 g5 23. fxe4 dxe4 24. Qb4 Nd5 25. Qxe4 Bc6 26. Qc4 Kh8 27. e4 Nc7 28. Red1 Re8 29. Nf2 Ne6 30. Rd6 b5 31. Qxe6 Rxe6 32. Rxe6 Rxa2 33. Nd3 Ra4 34. Rc1 b4 35. Rcxc6 bxc6 36. Rxc6 b3 37. e6 Ra7 38. Rc8+ Kh7 39. e5 h5 40. Bc6 1-0

[Event "Heraklion Gazi op 13th"]
[Site "Heraklion"]
[Date "2017.08.02"]
[Round "6"]
[White "Milonakis, Georgios"]
[Black "Zinchenko, Yaroslav"]
[Result "0-1"]
[WhiteElo "2193"]
[BlackElo "2547"]
[PlyCount "84"]
[EventDate "2017.07.28"]
[EventType "swiss"]
[EventRounds "9"]
[EventCountry "GRE"]
[SourceTitle "CBM 179 Extra"]
[Source "ChessBase"]
[SourceDate "2017.08.23"]
[SourceVersion "1"]
[SourceVersionDate "2017.08.23"]
[SourceQuality "1"]

1. e4 c5 2. Nf3 Nc6 3. d4 cxd4 4. Nxd4 Nf6 5. Nc3 d6 6. Be3 e5 7. Nf3 Be7 8. Bc4 0-0 9. Bb3 Na5 10. 0-0 Be6 11. Bg5 Rc8 12. Bxf6 Bxf6 13. Qd3 Nc4 14. Rab1 Qa5 15. Nd5 Bxd5 16. Qxd5 Qxd5 17. exd5 e4 18. Bxc4 Rxc4 19. Nd2 Rxc2 20. Nxe4 Be5 21. Rfc1 Rfc8 22. Nc3 Rxc1+ 23. Rxc1 b5 24. Kf1 Rc5 25. Re1 Kf8 26. Ne4 Rxd5 27. Rc1 Rd4 28. Rc8+ Ke7 29. Nc3 Rd2 30. Rc7+ Ke6 31. Nxb5 a6 32. Na7 Rxb2 33. a4 Ra2 34. Rc4 Kd5 35. Rh4 Bd4 36. Rh5+ f5 37. Nc8 Rxf2+ 38. Ke1 Ke6 39. a5 Rxg2 40. Rxh7 Ra2 41. h4 Rxa5 42. h5 Rc5 0-1